000 00666cam a22002293a 4500
001 15339
003 PGUSA
005 20140828083328.0
008 050312s2005||||xxu|||||s|||||000 | eng d
040 _aPGUSA
_beng
042 _adc
050 4 _aPH
100 1 _aKiljander, Robert,
_d1848-1924
245 1 0 _aVieraita odottaessa :
_bHuvinäytelmä yhdessä näytöksessä
_h[electronic resource] /
_cRobert Kiljander
260 _bProject Gutenberg,
_c2005
506 _aPublic domain in the USA.
516 _aElectronic text
653 _aFinnish drama
830 0 _aProject Gutenberg
_v15339
856 4 0 _uhttp://www.gutenberg.org/ebooks/15339
942 _cEB
999 _c244594
_d244594